000 00380cam a2200157ua 4500
041 _aeng
_h
082 _a828.09
_bWYN/GR
100 _aWyndham, Francis .
245 _aGraham Greene /
_cFrancis Wyndham.
_hTextual Documents
250 _a1 /
_b.
260 _aLondon :
_bLongman Green and Co ,
_c1962.
300 _a31 ; .
504 _a
942 _cBK
999 _c8588
_d8588